<?xml version="1.0" encoding="UTF-8"?>
<record
    xmlns:xsi="http://www.w3.org/2001/XMLSchema-instance"
    xsi:schemaLocation="http://www.loc.gov/MARC21/slim http://www.loc.gov/standards/marcxml/schema/MARC21slim.xsd"
    xmlns="http://www.loc.gov/MARC21/slim">

  <leader>03782cam a22004814a 4500</leader>
  <controlfield tag="001">14107288</controlfield>
  <controlfield tag="005">20071029083225.0</controlfield>
  <controlfield tag="008">050909s2006    enka     b    001 0 eng  </controlfield>
  <datafield tag="010" ind1=" " ind2=" ">
    <subfield code="a">  2005026464</subfield>
  </datafield>
  <datafield tag="015" ind1=" " ind2=" ">
    <subfield code="a">GBA590727</subfield>
    <subfield code="2">bnb</subfield>
  </datafield>
  <datafield tag="016" ind1="7" ind2=" ">
    <subfield code="a">101256870</subfield>
    <subfield code="2">DNLM</subfield>
  </datafield>
  <datafield tag="016" ind1="7" ind2=" ">
    <subfield code="a">013321368</subfield>
    <subfield code="2">Uk</subfield>
  </datafield>
  <datafield tag="020" ind1=" " ind2=" ">
    <subfield code="a">140513013X (pbk. : alk. paper)</subfield>
  </datafield>
  <datafield tag="020" ind1=" " ind2=" ">
    <subfield code="a">9781405130134</subfield>
  </datafield>
  <datafield tag="035" ind1=" " ind2=" ">
    <subfield code="a">(OCoLC)ocm61518286</subfield>
  </datafield>
  <datafield tag="040" ind1=" " ind2=" ">
    <subfield code="a">DNLM/DLC</subfield>
    <subfield code="c">DLC</subfield>
    <subfield code="d">NLM</subfield>
    <subfield code="d">BAKER</subfield>
    <subfield code="d">UKM</subfield>
    <subfield code="d">BWKUK</subfield>
    <subfield code="d">DLC</subfield>
  </datafield>
  <datafield tag="042" ind1=" " ind2=" ">
    <subfield code="a">pcc</subfield>
  </datafield>
  <datafield tag="050" ind1="0" ind2="0">
    <subfield code="a">RT81.5</subfield>
    <subfield code="b">.R465 2006</subfield>
  </datafield>
  <datafield tag="060" ind1="0" ind2="0">
    <subfield code="a">2006 D-753</subfield>
  </datafield>
  <datafield tag="060" ind1="1" ind2="0">
    <subfield code="a">WY 20.5</subfield>
    <subfield code="b">R4324 2006</subfield>
  </datafield>
  <datafield tag="082" ind1="0" ind2="0">
    <subfield code="a">610.73072</subfield>
    <subfield code="2">22</subfield>
    <subfield code="b">RES</subfield>
  </datafield>
  <datafield tag="245" ind1="0" ind2="4">
    <subfield code="a">The research process in nursing /</subfield>
    <subfield code="c">edited by Kate Gerrish, Anne Lacey.</subfield>
  </datafield>
  <datafield tag="250" ind1=" " ind2=" ">
    <subfield code="a">5th ed.</subfield>
  </datafield>
  <datafield tag="260" ind1=" " ind2=" ">
    <subfield code="a">Oxford ;</subfield>
    <subfield code="a">Malden, MA :</subfield>
    <subfield code="b">Blackwell Pub.,</subfield>
    <subfield code="c">2006.</subfield>
  </datafield>
  <datafield tag="300" ind1=" " ind2=" ">
    <subfield code="a">xxv, 550 p. :</subfield>
    <subfield code="b">ill. ;</subfield>
    <subfield code="c">25 cm.</subfield>
  </datafield>
  <datafield tag="504" ind1=" " ind2=" ">
    <subfield code="a">Includes bibliographical references and index</subfield>
  </datafield>
  <datafield tag="504" ind1=" " ind2=" ">
    <subfield code="a">Includes web resources.</subfield>
  </datafield>
  <datafield tag="505" ind1="0" ind2=" ">
    <subfield code="a">Research and development in nursing / Kate Gerrish and Ann McMahon -- The research process / Anne Lacey -- Research ethics / Martin Johnson and Tony Long -- Sources of funding and support for research / Senga Bond and Anne Lacey -- User involvement in research / Gordon Grant and Paul Ramcharan -- Asking the right question / Gill Hek -- Finding the evidence / Claire Beecroft, Angie Rees and Andrew Booth -- Critical appraisal of the evidence / Andrew Booth -- Preparing a research proposal / Senga Bond and Kate Gerrish -- Gaining access to the research site / Amanda Hunn -- The quantitative-qualitative continuum / Annie Topping --</subfield>
  </datafield>
  <datafield tag="505" ind1="0" ind2=" ">
    <subfield code="a">Sampling / Sue Procter and Teresa Allan -- Grounded theory / Immy Holloway and Les Todres -- Ethnography / Immy Holloway and Les Todres -- Phenomenological research / Les Todres and Immy Holloway -- Experimental research / Andrea Nelson, Jo Dumville and David Torgerson -- Surveys / Hugh McKenna, Felicity Hasson and Sinead Keeney -- Action research / Julienne Meyer -- Evaluation research / Colin Robson -- Case study research / Charlotte Clarke and Jan Reed -- Systematic reviews and secondary research / Catherine Beverley, Mary Edmunds-Otter and Andrew Booth -- Interviewing / Angela Tod --</subfield>
  </datafield>
  <datafield tag="505" ind1="0" ind2=" ">
    <subfield code="a">Using focus groups / Claire Goodman and Catherine Evans -- Using questionnaires / Tricia Murphy-Black -- Using observation / Hazel Watson and Rosemary Whyte -- Physiological measurement / Mark Johnson and S. Jos&#xFFFD;e Closs -- Qualitative analysis / Judith Lathlean -- Descriptive analysis of quantitative data / Jenny Freeman and Stephen Walters -- Examining relationships in quantitative data / Jenny Freeman and Stephen Walters -- Communicating and disseminating research / Kate Gerrish and Anne Lacey -- Evidence-based practice / Kate Gerrish -- Implementing evidence-based practice / Steve Campbell, Helen Hancock and Hilary Lloyd -- The future of nursing research / Ann McMahon and Anne Lacey.</subfield>
  </datafield>
  <datafield tag="650" ind1=" " ind2="0">
    <subfield code="a">Nursing</subfield>
    <subfield code="x">Research.</subfield>
  </datafield>
  <datafield tag="650" ind1="1" ind2="2">
    <subfield code="a">Nursing Research</subfield>
    <subfield code="x">methods.</subfield>
  </datafield>
  <datafield tag="650" ind1="2" ind2="2">
    <subfield code="a">Data Collection</subfield>
    <subfield code="x">methods.</subfield>
  </datafield>
  <datafield tag="650" ind1="2" ind2="2">
    <subfield code="a">Research Design.</subfield>
  </datafield>
  <datafield tag="700" ind1="1" ind2=" ">
    <subfield code="a">Gerrish, Kate,</subfield>
    <subfield code="d">1955-</subfield>
  </datafield>
  <datafield tag="700" ind1="1" ind2=" ">
    <subfield code="a">Lacey, Anne.</subfield>
  </datafield>
  <datafield tag="856" ind1="4" ind2="1">
    <subfield code="3">Table of contents</subfield>
    <subfield code="u">http://www.loc.gov/catdir/toc/ecip0519/2005026464.html</subfield>
  </datafield>
  <datafield tag="856" ind1="4" ind2="2">
    <subfield code="3">Contributor biographical information</subfield>
    <subfield code="u">http://www.loc.gov/catdir/enhancements/fy0802/2005026464-b.html</subfield>
  </datafield>
  <datafield tag="856" ind1="4" ind2="2">
    <subfield code="3">Publisher description</subfield>
    <subfield code="u">http://www.loc.gov/catdir/enhancements/fy0802/2005026464-d.html</subfield>
  </datafield>
  <datafield tag="942" ind1=" " ind2=" ">
    <subfield code="2">ddc</subfield>
    <subfield code="c">BB</subfield>
  </datafield>
  <datafield tag="999" ind1=" " ind2=" ">
    <subfield code="c">11061</subfield>
    <subfield code="d">11061</subfield>
  </datafield>
  <datafield tag="952" ind1=" " ind2=" ">
    <subfield code="0">0</subfield>
    <subfield code="1">0</subfield>
    <subfield code="2">ddc</subfield>
    <subfield code="4">0</subfield>
    <subfield code="7">0</subfield>
    <subfield code="8">unknown</subfield>
    <subfield code="a">MAIN</subfield>
    <subfield code="b">MAIN</subfield>
    <subfield code="c">1ST</subfield>
    <subfield code="d">2009-03-15</subfield>
    <subfield code="e">purchase</subfield>
    <subfield code="g">290.00</subfield>
    <subfield code="h">935</subfield>
    <subfield code="l">23</subfield>
    <subfield code="m">75</subfield>
    <subfield code="o">610.73072 RES NR</subfield>
    <subfield code="p">000015426</subfield>
    <subfield code="r">2025-07-15 00:00:00</subfield>
    <subfield code="s">2020-02-24</subfield>
    <subfield code="y">BB</subfield>
  </datafield>
</record>
